000 00298nam a22001337a 4500
008 171018b xxu||||| |||| 00| 0 eng d
020 _a9781555425296
041 _aeng
080 _a338
100 _a53
101 _aMEN
245 _aMANAGING A SMALL HRD DEPARTMENT
_cCOY,C.P
942 _2udc
_cBK
999 _c34722
_d34722